Φορτώνει......
Identifying sources of well-being, happiness and daily hassles among blind institutionalized children
| Κύριος συγγραφέας: | |
|---|---|
| Μορφή: | Journal Article |
| Έκδοση: |
Disabilities and Impairments 15(1- 2),
2001
|
| LEADER | 00442nam a22001097a 4500 | ||
|---|---|---|---|
| 100 | |a Nazli Pervez; |a Kehkashan Yaqub |9 19782 | ||
| 245 | |a Identifying sources of well-being, happiness and daily hassles among blind institutionalized children | ||
| 260 | |b Disabilities and Impairments 15(1- 2), |c 2001 | ||
| 300 | |a p.98-104 |b 15(1- 2), 2001 | ||
| 942 | |c JA | ||
| 999 | |c 74172 |d 74172 | ||
| 952 | |0 0 |1 0 |4 0 |7 0 |9 66133 |a MGUL |b MGUL |c JA |d 2015-08-12 |l 0 |r 2015-08-12 |w 2015-08-12 |y JA | ||